000 00617nam a22001815i 4500
001 102870
003 ES-MaACL
005 20250730063119.0
007 t|
008 950929s1856 fr ||||1| fre d
040 _aCAM
_bspa
_cCAM
100 1 _aParieu, Marie-Louis-Pierre Félix Esquirou de,
_d1815-1893
_9154753
245 1 0 _aHistoire des impots généraux sur la propriété et le revenu /
_cpar F. Esquirou de Parieu.
260 _aParis :
_bGuillaumin et Cie.,
_c1856 (
_eSaint-Denis :
_fDrouard)
300 _a[4], 338, [1] p. ;
_c22 cm.
852 _aES-MaACL
_jG-12151
999 _c102870
_d102870